| 000 | 00985nam a2200301 i 4500 | ||
|---|---|---|---|
| 001 | bg | ||
| 003 | BPK | ||
| 005 | 20211217152050.0 | ||
| 008 | 000801s2000 pl a f |001 0 pol | ||
| 015 | _aPB 2000/14526 | ||
| 020 | _a8372790272 | ||
| 040 |
_aWA N _cBPK |
||
| 041 | 1 |
_apol _heng |
|
| 080 | _a004.438 | ||
| 080 | _a(07) | ||
| 100 | 1 | _aCantù, Marco. | |
| 245 | 1 | 0 |
_aDelphi 5 : _bpraktyka programowania. _nT. 2 / _cMarco Cantù ; przekł. z jęz. ang. Andrzej Zieliński. |
| 246 | 1 |
_iTyt. oryg.: _aMastering Delphi 5, _f1999. |
|
| 260 |
_aWarszawa : _b"Mikom", _c2000. |
||
| 300 |
_a448 s. : _bil. ; _c24 cm. |
||
| 504 | _aIndeks. | ||
| 655 | 4 | _aPodręcznik | |
| 650 | 4 | _aDelphi (środowisko programistyczne) | |
| 700 | 1 |
_aZieliński, Andrzej _c(informatyk). _eTł. |
|
| 710 | 2 |
_aWydawnictwo Mikom _4pbl. |
|
| 856 |
_uhttp://koha.tu.koszalin.pl/cgi-bin/koha/opac-detail.pl?biblionumber=37301 _yKatalog online BPK |
||
| 942 |
_2UKD _cKS |
||
| 999 |
_c37301 _d37301 |
||